| 000 | 00322nam a22001337a 4500 | ||
|---|---|---|---|
| 020 | _a9788131511145 | ||
| 082 |
_a624.1834 _bMAC/ST |
||
| 100 |
_aMacLaughlin,David _9726 |
||
| 100 |
_aEstrada,Hector _9727 |
||
| 245 | _aStructural Steel Design | ||
| 260 |
_aNew Delhi _bCengage Learning _c2011 |
||
| 300 | _a284 | ||
| 942 | _cBK | ||
| 999 |
_c14438 _d14438 |
||